| 000 | 01196cam a22002773u 4500 | ||
|---|---|---|---|
| 001 | 9278225 | ||
| 003 | ARRUPE | ||
| 005 | 20140310140300.0 | ||
| 006 | m d | ||
| 007 | cr n | ||
| 008 | 120201s1890 ||||||||s|||||||| ||||| d | ||
| 035 | _a(WaSeSS)ssib006425448 | ||
| 040 |
_aWaSeSS _cWaSeSS _dWaSeSS |
||
| 050 |
_aSPC DT465.G2 _bG4 |
||
| 100 | 1 |
_aGillmore, Parker. _99046 |
|
| 210 | 1 | 0 | _aThrough Gasa land, and the scene of the Portuguese aggression. The journey of a hunter in search of gold and ivory. By Parker Gillmore ("Ubique") |
| 245 | 1 | 0 |
_aThrough Gasa land, and the scene of the Portuguese aggression. The journey of a hunter in search of gold and ivory. By Parker Gillmore ("Ubique") _h[electronic resource] / _cGillmore, Parker. |
| 260 |
_a[S.l.] : _b[s.n.], _c1890. |
||
| 300 |
_axii, 349p.; _c22cm. |
||
| 500 | _aTitle from content provider. | ||
| 506 | _aLicense restrictions may limit access. | ||
| 773 | 0 | _tBiodiversity Heritage Library | |
| 856 | 4 | 0 |
_uhttp://www.columbia.edu/cgi-bin/cul/resolve?clio9278225 _zFull text available from Biodiversity Heritage Library |
| 910 | _aSerials Solutions supplemental brief record | ||
| 942 |
_2lcc _cMONOGRAPH |
||
| 999 |
_c120190 _d120190 |
||